| 000 | 00435nam a2200157 4500 | ||
|---|---|---|---|
| 005 | 20260507112829.0 | ||
| 008 | 260507b |||||||| |||| 00| 0 eng d | ||
| 020 | _a9781032147468 | ||
| 082 |
_a372.89 _bHAM-C |
||
| 100 | _aHammond Lauren,Biddulph Mary | ||
| 245 |
_aChildren Education And Geography _bRethinking Intersections |
||
| 260 |
_aNew York _bRoutledge Publishers |
||
| 300 | _a258p | ||
| 650 | _aEducation | ||
| 942 | _cBK | ||
| 999 |
_c47546 _d47546 |
||